| 000 | 00760cam a22002533a 4500 | ||
|---|---|---|---|
| 001 | 19682 | ||
| 003 | PGUSA | ||
| 005 | 20140828083422.0 | ||
| 008 | 061114s2006||||xxu|||||s|||||000 | eng d | ||
| 040 |
_aPGUSA _beng |
||
| 042 | _adc | ||
| 050 | 4 | _aPS | |
| 100 | 1 |
_aTwain, Mark, _d1835-1910 |
|
| 245 | 1 | 0 |
_aChapters from My Autobiography _h[electronic resource] / _cMark Twain |
| 260 |
_bProject Gutenberg, _c2006 |
||
| 506 | _aPublic domain in the USA. | ||
| 516 | _aElectronic text | ||
| 653 | _aAuthors, American -- 19th century -- Biography | ||
| 653 | _aHumorists, American -- 19th century -- Biography | ||
| 653 | _aTwain, Mark, 1835-1910 | ||
| 830 | 0 |
_aProject Gutenberg _v19682 |
|
| 856 | 4 | 0 | _uhttp://www.gutenberg.org/ebooks/19682 |
| 942 | _cEB | ||
| 999 |
_c248937 _d248937 |
||